Curso de macroeconomía (Registro nro. 5072)

Detalles MARC
000 -LEADER
fixed length control field 01940 a2200241 4500
001 - CONTROL NUMBER
control field 53085
005 - DATE AND TIME OF LATEST TRANSACTION
control field 20260407155804.0
008 - FIXED-LENGTH DATA ELEMENTS--GENERAL INFORMATION
fixed length control field 260407a1994 arg spa d
003 - CONTROL NUMBER IDENTIFIER
control field AR-UNSa-BCEJYS
040 ## - CATALOGING SOURCE
Original cataloging agency AR-UNSa-BCEJYS
Language of cataloging spa
Transcribing agency AR-UNSa-BCEJYS
080 ## - UNIVERSAL DECIMAL CLASSIFICATION NUMBER
Universal Decimal Classification number 330.101.541
Common auxiliary subdivision Macroeconomía
020 ## - INTERNATIONAL STANDARD BOOK NUMBER
International Standard Book Number 978-84-85855-73-5
041 ## - LANGUAGE CODE
Language code of text/sound track or separate title spa
100 1# - MAIN ENTRY--PERSONAL NAME
Personal name Bajo, Óscar
245 10 - TITLE STATEMENT
Title Curso de macroeconomía
264 #1 - PRODUCTION, PUBLICATION, DISTRIBUTION, MANUFACTURE, AND COPYRIGHT NOTICE
Place of production, publication, distribution, manufacture Barcelona :
Name of producer, publisher, distributor, manufacturer Antoni Bosch
Date of production, publication, distribution, manufacture, or copyright notice 1994
300 ## - PHYSICAL DESCRIPTION
Extent 586 p.
Dimensions 23 cm.
505 ## - FORMATTED CONTENTS NOTE
Formatted contents note 1. Macroeconomía:Conceptos e instrumentos - 2. Magnitudes macroeconómicas básicas - 3. Introducción y supuestos del modelo - 4.Un modelo sencillo de determinación del nivel de renta - 5. La demanda de consumo - 6. La demanda de inversión - 7. El equilibrio en el mercado de bienes:La curva IS - 8. La demanda de dinero - 9. El sistema monetario y la oferta de dinero - 10. El equilibrio en los mercados financieros:La curva LM - 11. El modelo IS-LM:El equilibrio del nivel de renta,la política monetaria y la política fiscal - 12. Introducción del nivel de precios en el modeo IS-LM:La curva de demanda agregada - 13. El mercado del trabajo y la oferta agregada en un modelo Keynesiano - 14. El modelo Keynesiano completo.El papel de la política económica - 15. El modelo clásico - 16. La inflación:Causas y efectos - 17. La relación entre inflación y desempleo - 18. Nueva Macroeconomía Clásica y nueva Macroeconomía Keynesiana - 19. La balanza de pagos y los mercados de cambios - 20 La determinación del nivel de renta en una economía abierta - 21. El ajuste de la balanza de pagos - 22. La política monetaria y la política fiscal en una economía abierta - 23. La oferta agregada y la economía abierta
590 ## - LOCAL NOTE (RLIN)
Local note niveau_biblio:m niveau_hierar:0
700 1# - ADDED ENTRY--PERSONAL NAME
Personal name Monés, María Antonia
856 41 - ELECTRONIC LOCATION AND ACCESS
Uniform Resource Identifier <a href="https://www.biblioeco.unsa.edu.ar/pmb/images/libros/L128401.jpg">https://www.biblioeco.unsa.edu.ar/pmb/images/libros/L128401.jpg</a>
Link text Imagen de portada
Electronic format type image/jpeg
942 ## - ADDED ENTRY ELEMENTS (KOHA)
Koha item type
Existencias
Withdrawn status Lost status Damaged status Not for loan Home library Current library Shelving location Date acquired Total checkouts Full call number Barcode Date last seen Price effective from Koha item type
        Biblioteca Prof. Eusebio Cleto del Rey Biblioteca Prof. Eusebio Cleto del Rey   07/04/2026   330.101.541 B165 L128401 07/04/2026 07/04/2026 Libro